000
00250nam a22000977a 4500
999
_c
11302
_d
11302
008
190207b ||||| |||| 00| 0 eng d
020
_a
9780143443230
100
_a
Modi
_9
7044
245
_a
Exam Warriors
260
_a
New Delhi
_b
Penguin Random House
_c
2018